000 00499nam a22001937a 4500
003 OSt
005 20260303000641.0
008 260203b |||||||| |||| 00| 0 eng d
020 _a971-92342-4-5
040 _aDWCL-Main Lib
_cOC
082 _aProf. 899.211 On58 2007
100 _aOng, Bob
245 _aMAC ART HUR
260 _aPasay City :
_b Visprint,
_cc2007
300 _a98 p. ;
_c18 cm.
650 _aFilipino - essay.
650 _aFilipino - literature.
942 _2ddc
_cPROF.
_mProf.
_n0
999 _c8162
_d8162